| 000 | 00418nam a22001697a 4500 | ||
|---|---|---|---|
| 003 | CEME | ||
| 005 | 20210628205704.0 | ||
| 008 | 210315b xxu||||| |||| 00| 0 eng d | ||
| 040 | _c. | ||
| 082 | _a891.4393 ASH | ||
| 100 |
_aAshfaq Hussain _99148 |
||
| 245 | _aGentalman allah allah | ||
| 260 |
_aLAHORE _bMATBOOAT SULEMANI _c1998 |
||
| 300 | _a231P | ||
| 650 |
_aURDU ADAB-MILITARY LIFE _976270 |
||
| 942 |
_cBK _2ddc |
||
| 999 |
_c582017 _d582017 |
||